Piłkarska kariera Hristo Stoichkova. - Statystyki

Ogólne statystyki
  • Ten quiz został rozwiązany 22 razy
  • Średni wynik to 4 z 10
Statystyki odpowiedzi
Lata Drużyna % Poprawnych
1990-1995 Barcelona
95%
1996-1998 Barcelona
95%
1984-1990 CSKA Sofia
52%
1998-1998 CSKA Sofia
52%
1995-1996 Parma
29%
2000-2003 Chicago Fire
24%
2003-2003 D.C. United
24%
1998-1999 Al-Nassr
19%
1999-2000 Kashiwa Reysol
19%
1982-1984 Hebros
5%
Nie znaleziono quizów pasujących do podanych kryteriów
Rozkład punktacji
Procent ludzi z każdym wynikiem
Percentyl według liczby udzielonych odpowiedzi
Twoja historia wyników
Nie rozwiązałeś tego quizu